000 00751nam a2200229Ii 4500
003 JO-AjNU
008 230605s9999||||xx |||||||||||||| ||und||
017 _a2009/5/1712
020 _a9957-16-365-5
040 _aJO-AjNU
_bara
_erda
_cJO-AjNU
041 _aara
050 1 4 _aHD7262.S24.2010
100 3 _aصلاح،رامي نهيد,
_eauthor
_931248
245 0 0 _aإصابات العمل والتعويض عنها
250 _aط1
264 3 1 _aعمان:دار الثقافة للنشر و التوزيع،2010
300 _a240ص
336 _atext
_btxt
_2rdacontent
337 _aunmediated
_bn
_2rdamedia
338 _avolume
_bnc
_2rdacarrier
650 4 _aقانون العمل-اصابات العمل-العمل والعمال
_931249
999 _aA12478
_c16046
_d16046